00340nam a2200109Ia 4500008004100000082000800041100001700049245004600066942000600112952009700118999001500215240331s9999 xx 000 0 und d bVOI aBhasin,K. ed 0aVoice of sanity :breaching out for peace cL 001040708LaWERCLbWERCLcSSCd2024-03-31l0o 303.6 VOIp5999r2024-03-31w2024-03-31yL c2632d2632